000 00807na a2200265 4500
001 18996
003 MIRAKIL
005 20181213154812.0
008 161206b tu 000 0
035 _a18996
040 _aMilas
_btur
_cTR-AnCHP
041 _atur
082 _a332.309561
_bİ44t 2009
090 _a332.309561 İ44t 2009
110 _aİller Bankası
245 _aTürkiye'nin mimarı İller Bankası
_cİller Bankası Genel Müdürlüğü
260 _aAnkara
_bİller Bankası Genel Müdürlüğü
_c2009
300 _a191 s.
_c30 sm.
504 _aKaynakça var.
610 _aİller Bankası
_xTarih
650 _aKredi kuruluşları
_xBankalar
_zTürkiye
651 _aTürkiye
_xBölgesel kalkınma
_yTarih
710 _aİller Bankası Genel Müdürlüğü
942 _2dcc
_cBKS
999 _c1114
_d1114